<?xml version="1.0" encoding="UTF-8"?><?xml-stylesheet type="text/xsl" href="static/style.xsl"?><OAI-PMH xmlns="http://www.openarchives.org/OAI/2.0/" xmlns:xsi="http://www.w3.org/2001/XMLSchema-instance" xsi:schemaLocation="http://www.openarchives.org/OAI/2.0/ http://www.openarchives.org/OAI/2.0/OAI-PMH.xsd"><responseDate>2026-04-17T05:19:08Z</responseDate><request verb="GetRecord" identifier="oai:www.recercat.cat:2099.1/15720" metadataPrefix="marc">https://recercat.cat/oai/request</request><GetRecord><record><header><identifier>oai:recercat.cat:2099.1/15720</identifier><datestamp>2025-07-23T02:14:16Z</datestamp><setSpec>com_2072_1033</setSpec><setSpec>col_2072_452951</setSpec></header><metadata><record xmlns="http://www.loc.gov/MARC21/slim" xmlns:dcterms="http://purl.org/dc/terms/" xmlns:xsi="http://www.w3.org/2001/XMLSchema-instance" xmlns:doc="http://www.lyncode.com/xoai" xsi:schemaLocation="http://www.loc.gov/MARC21/slim http://www.loc.gov/standards/marcxml/schema/MARC21slim.xsd">
   <leader>00925njm 22002777a 4500</leader>
   <datafield ind2=" " ind1=" " tag="042">
      <subfield code="a">dc</subfield>
   </datafield>
   <datafield ind2=" " ind1=" " tag="720">
      <subfield code="a">Rosado Calderón, Ricardo</subfield>
      <subfield code="e">author</subfield>
   </datafield>
   <datafield ind2=" " ind1=" " tag="260">
      <subfield code="c">2012-04-01</subfield>
   </datafield>
   <datafield ind2=" " ind1=" " tag="520">
      <subfield code="a">Al analizar una obra en operación suponemos que cada fase de este ciclo de vida se ha&#xd;
realizado con los estándares de calidad requeridos para obtener un producto con calidad.&#xd;
Pero nos preguntamos, ¿Se aplicaron los controles de calidad necesarios?, ¿Qué se pudo controlar y que no? Estas preguntas surgen ya que se desea conocer la calidad en la construcción. Por esa razón en este estudio investigaremos cuales son las tendencias en el control y aseguramiento de la calidad en la construcción, analizaremos su ciclo de vida y realizaremos una pequeña comparativa entre los países.&#xd;
Dividimos el ciclo de vida de una obra en 5 fases las cuales son:&#xd;
 Control y aseguramiento de calidad del proyecto.&#xd;
 Control y aseguramiento de calidad de los materiales.&#xd;
 Control y aseguramiento de calidad en fase de adjudicación.&#xd;
 Control y aseguramiento de calidad de la ejecución.&#xd;
 Control y aseguramiento de calidad en fase de uso y mantenimiento.&#xd;
Esto lo desarrollamos enfocándonos en el entorno Europeo, pero también incluyendo a&#xd;
los que fueron pioneros en este aspecto. Es por esta razón que los países elegidos en&#xd;
este estudio son Reino Unido, España y Estados Unidos. Se estudiaron los códigos de&#xd;
diseño de proyecto de cada país como son Código Técnico de la Edificación, EHE-08 y&#xd;
EAE (España), el Building Regulation (U.K.) y el Building Code del ICC, el ACI-318 y el&#xd;
AISC (U.E.). Se investigo también que instituciones intervienen en este proceso y bajo cuales criterios.&#xd;
Tratamos la Directiva 89/106/CEE que regula los productos de construcción en los&#xd;
estados miembros de la Unión Europea. Indagamos sobre las diferentes empresas que se destinaban a establecer y confirmar como se determinaba la calidad de los materiales&#xd;
como son AENOR (España), UKAS (U.K.) y la ASTM (E.U.). Por otro lado analizamos los&#xd;
tipos de contrato en cada país, los procedimientos de licitación, criterios de adjudicación y requisitos para contratar. En este último apartado hablamos sobre las garantías y el control de la subcontratación. Todo esto tratando de diferenciar entre obra pública y obra privada.&#xd;
En la fase de ejecución, analizamos que patrones de inspección y aseguramiento&#xd;
de la calidad son aplicados. Que organismos intervienen en Estados Unidos, Reino Unido&#xd;
y España. Y por ultimo vimos muy superficialmente la fase de uso y mantenimiento, la cual esperamos desarrollar más fuertemente en un futuro.</subfield>
   </datafield>
   <datafield tag="653" ind2=" " ind1=" ">
      <subfield code="a">Àrees temàtiques de la UPC::Enginyeria civil</subfield>
   </datafield>
   <datafield tag="653" ind2=" " ind1=" ">
      <subfield code="a">Projects -- Quality control -- Europe</subfield>
   </datafield>
   <datafield tag="653" ind2=" " ind1=" ">
      <subfield code="a">Construction -- Quality control -- Europe</subfield>
   </datafield>
   <datafield tag="653" ind2=" " ind1=" ">
      <subfield code="a">Controles de calidad</subfield>
   </datafield>
   <datafield tag="653" ind2=" " ind1=" ">
      <subfield code="a">Europa</subfield>
   </datafield>
   <datafield tag="653" ind2=" " ind1=" ">
      <subfield code="a">Construcció -- Control de qualitat -- Europa</subfield>
   </datafield>
   <datafield tag="653" ind2=" " ind1=" ">
      <subfield code="a">Construcció</subfield>
   </datafield>
   <datafield ind2="0" ind1="0" tag="245">
      <subfield code="a">Estudio y comparativa de los controles de calidad de los proyectos y obras de construcción en Europa</subfield>
   </datafield>
</record></metadata></record></GetRecord></OAI-PMH>